[Event "FICGS rapid C 000016 email"]
[Site "FICGS email"]
[Date "2006.12.14"]
[Round "1"]
[White "Von Erichsen, Svante Carl"]
[Black "Moreira, Renato"]
[Result "0-1"]
[WhiteElo "1200"]
[BlackElo "1400"]
[PlyCount "100"]
[EventDate "2006.??.??"]
[EventType "tourn (rapid)"]
[EventRounds "4"]
[SourceTitle "Corr 2022"]
[Source "ChessBase"]
[SourceDate "2021.10.24"]
[SourceVersion "1"]
[SourceVersionDate "2021.10.24"]
[SourceQuality "1"]

1. e4 e5 2. Nf3 Nc6 3. Nc3 Nf6 4. Bc4 d6 5. h3 Be7 6. 0-0 0-0 7. d4 exd4 8. Nxd4 Nxd4 9. Qxd4 Be6 10. Bf4 Bxc4 11. Qxc4 Nh5 12. Be3 c6 13. Rad1 Qc8 14. a3 Nf6 15. Bg5 h6 16. Bxf6 Bxf6 17. Rxd6 Be5 18. Rdd1 Re8 19. f4 Bxc3 20. bxc3 b6 21. e5 c5 22. Rd3 Qc6 23. Rff3 b5 24. Qd5 Rac8 25. c4 b4 26. axb4 cxb4 27. Qxc6 Rxc6 28. Rd4 a5 29. Rb3 Rb8 30. Rb1 Rc5 31. Kf2 a4 32. Ke3 a3 33. Rb3 a2 34. Rd1 Rxc4 35. Rc1 Rxc2 36. Rxc2 a1Q 37. Ke4 Qa8+ 38. Kd3 Rd8+ 39. Ke3 Qa7+ 40. Kf3 Qb7+ 41. Ke3 Qb6+ 42. Ke2 Qb5+ 43. Ke3 Rd1 44. Kf2 Qf1+ 45. Ke3 Qe1+ 46. Kf3 Rd4 47. Rf2 Qd1+ 48. Ke3 Rc4 49. Rfb2 Qd4+ 50. Kf3 Qxf4+ 0-1

[Event "IECG CN.1999.0.00140"]
[Site "IECG email"]
[Date "1999.07.26"]
[Round "?"]
[White "Tarng, Folk"]
[Black "Von Erichsen, Svante Carl"]
[Result "1-0"]
[WhiteElo "800"]
[BlackElo "800"]
[PlyCount "35"]
[EventDate "1999.07.26"]
[EventType "tourn (corr)"]
[EventRounds "6"]
[SourceTitle "Corr 2008"]
[Source "ChessBase"]
[SourceDate "2008.06.24"]
[SourceVersion "1"]
[SourceVersionDate "2008.06.24"]
[SourceQuality "1"]

1. e4 e5 2. Nf3 Nc6 3. d4 exd4 4. Nxd4 Nf6 5. Nxc6 bxc6 6. Bd3 d5 7. exd5 cxd5 8. 0-0 Be7 9. Nc3 0-0 10. Bf4 c6 11. Qf3 Qb6 12. Rfe1 Qxb2 13. Rab1 Qxc3 14. Bxh7+ Nxh7 15. Qxc3 Be6 16. Rb7 Bg5 17. Rxe6 fxe6 18. Qxg7# 1-0

[Event "IECG CN.1999.0.00140"]
[Site "IECG email"]
[Date "1999.07.26"]
[Round "?"]
[White "Von Erichsen, Svante Carl"]
[Black "Olds, George R"]
[Result "0-1"]
[WhiteElo "800"]
[BlackElo "800"]
[PlyCount "66"]
[EventDate "1999.07.26"]
[EventType "tourn (corr)"]
[EventRounds "6"]
[SourceTitle "Corr 2008"]
[Source "ChessBase"]
[SourceDate "2008.06.24"]
[SourceVersion "1"]
[SourceVersionDate "2008.06.24"]
[SourceQuality "1"]

1. e4 c5 2. Nf3 d6 3. Bb5+ Bd7 4. Bxd7+ Qxd7 5. c4 Nc6 6. Nc3 Nf6 7. d4 cxd4 8. Nxd4 e6 9. Nf3 Be7 10. 0-0 0-0 11. Re1 Rac8 12. Be3 Ng4 13. Bg5 Nge5 14. Bxe7 Qxe7 15. b3 a6 16. Rc1 Rfd8 17. Nd5 Nxf3+ 18. Qxf3 exd5 19. exd5 Ne5 20. Qe3 Re8 21. Kf1 Qf6 22. c5 Rxc5 23. Rxc5 dxc5 24. Qxc5 Rd8 25. Re3 Ng4 26. Re1 b6 27. Qc2 Nxh2+ 28. Kg1 Ng4 29. Qe2 h5 30. g3 Rxd5 31. Qe8+ Kh7 32. Qe4+ g6 33. f3 Re5 0-1